| 000 | 01953nam0a2200337 4500 | ||
|---|---|---|---|
| 001 | RU\NLR\bibl\870917 | ||
| 005 | 20250614162033.0 | ||
| 010 |
_a5-88996-525-5 _9150 |
||
| 021 |
_aRU _b2005-64102 _93153 |
||
| 035 | _a(NLR Aleph) 000859537 | ||
| 090 |
_a1531087 _c1531087 |
||
| 100 | _a20051111d2005 |||y0rusy50 ca | ||
| 101 | 0 | _arus | |
| 102 | _aRU | ||
| 105 | _aa ||||||||| | ||
| 200 | 1 |
_aТехническое регулирование, стандартизация, сертификация и метрология в маркетинге _eучебное пособие _e[по специальности 061500 - Маркетинг] _fА.К. Рейх, Е.Ю. Суслов _gФедер. агентство по образованию, Гос. образоват. учреждение высш. проф. образования "С.-Петерб. гос. инж.-экон. ун-т" |
|
| 210 |
_aСанкт-Петербург _cСПбГИЭУ _d2005 |
||
| 215 |
_a104, [1] с. _cил. _d21 |
||
| 300 | _aПеред вып. дан. авт.: Рейх Альберт Кондратьевич - к.т.н., Суслов Евгений Юрьевич - к.э.н. | ||
| 320 | _aБиблиогр.: с. 103 (8 назв.) | ||
| 606 | 1 |
_aКачество продукции _jУчебные издания для высших учебных заведений _xСтандартизация _92151993 _3RU\NLR\auth\661295880 |
|
| 606 | 1 |
_aМаркетинг _jУчебные издания для высших учебных заведений _yРоссийская Федерация _92073140 _3RU\NLR\auth\661248015 |
|
| 686 | _aУ9(2)-823.2-44я73 | ||
| 686 | _aУ9-361.4(2Р)я73 | ||
| 700 | 1 |
_aРейх _bА. К. _gАльберт Кондратьевич _4070 |
|
| 701 | 1 |
_aСуслов _bЕ. Ю. _gЕвгений Юрьевич _4070 |
|
| 801 | 0 |
_aRU _bNLR _c20051111 _grcr |
|
| 801 | 1 |
_aRU _bNLR _c20051111 |
|
| 942 | _cBOOK | ||
| 980 | _aNB | ||